Sustainable City Developing World / (Record no. 617171)

000 -LEADER
fixed length control field 00438nam a22001697a 4500
003 - CONTROL NUMBER IDENTIFIER
control field NUST
005 - DATE AND TIME OF LATEST TRANSACTION
control field 20260417155537.0
008 - FIXED-LENGTH DATA ELEMENTS--GENERAL INFORMATION
fixed length control field 260417b ||||| |||| 00| 0 eng d
020 ## - INTERNATIONAL STANDARD BOOK NUMBER
International Standard Book Number 978-94-90354-07-7
082 ## - DEWEY DECIMAL CLASSIFICATION NUMBER
Classification number 571.07
Author Mark ISO
100 ## - MAIN ENTRY--PERSONAL NAME
Personal name Chris Gossop.
9 (RLIN) 134199
245 ## - TITLE STATEMENT
Title Sustainable City Developing World /
Statement of responsibility, etc. Chris Gossop.
260 ## - PUBLICATION, DISTRIBUTION, ETC.
Name of publisher, distributor, etc. ISOCARP,
Date of publication, distribution, etc. 2010.
300 ## - PHYSICAL DESCRIPTION
Extent 266 p ;
Dimensions 29.4 cm
563 ## - BINDING INFORMATION
Binding note Paperback
942 ## - ADDED ENTRY ELEMENTS (KOHA)
Source of classification or shelving scheme
Koha item type Book
Holdings
Withdrawn status Lost status Source of classification or shelving scheme Damaged status Not for loan Permanent Location Current Location Date acquired Total Checkouts Full call number Barcode Date last seen Price effective from Koha item type
          Institute of Geographical Information Systems (IGIS) Institute of Geographical Information Systems (IGIS) 04/17/2026   571.07 ISO IGIS-745 04/17/2026 04/17/2026 Book
© 2023 Central Library, National University of Sciences and Technology. All Rights Reserved.